| 000 | 01029cam a2200265 a 4500 | ||
|---|---|---|---|
| 001 | 4451777 | ||
| 003 | NUST - PNEC | ||
| 005 | 20170116181036.0 | ||
| 008 | 950530s1996 nyua b 001 0 eng | ||
| 010 | _a 95021223 | ||
| 020 | _a0070380465 | ||
| 040 | _cLIBRARY | ||
| 082 | 0 | 0 | _a621.395 KAN |
| 100 | 1 |
_aKang, Sung-Mo, _d1945- |
|
| 245 | 1 | 0 |
_aCMOS digital integrated circuits : _banalysis and design / _cSung-Mo (Steve) Kang, Yusuf Leblebici. |
| 260 |
_aNew York : _bMcGraw-Hill, _cc1996. |
||
| 300 |
_ax, 614 p. : _bill. ; _c25 cm. |
||
| 504 | _aIncludes bibliographical references and index. | ||
| 650 | 0 |
_aMetal oxide semiconductors, Complementary. _xME |
|
| 650 | 0 | _aDigital integrated circuits. | |
| 700 | 1 | _aLeblebici, Yusuf. | |
| 906 |
_a7 _bcbc _corignew _d1 _eocip _f19 _gy-gencatlg |
||
| 942 |
_2ddc _cBK |
||
| 999 |
_c67958 _d67958 |
||